| 000 | 00719nam a22001937a 4500 | ||
|---|---|---|---|
| 003 | BD-DhUL | ||
| 005 | 20220627130201.0 | ||
| 008 | 220621s2021 bg a|||| mb|| 00| 0 eng | | ||
| 040 |
_aBD-DhUL _cBD-DhUL |
||
| 082 |
_a362.1 _bRAS |
||
| 100 | 1 | _aRahman, Md. Aknur. | |
| 245 | 0 | 0 |
_aStudy on health and drug policies of Bangladesh to ensure health for all / _cMd. Aknur Rahman. _h[PhD Thesis] |
| 260 |
_aDhaka : _bUniversity of Dhaka, _c2021. |
||
| 300 |
_a[3], xii, 152 p. : _bill. (some col.) ; _c29 cm. |
||
| 504 | _aIncludes bibliographical references. | ||
| 505 | 0 | _aThesis (PhD)--Department of Pharmaceutical Chemistry, University of Dhaka, Session: 2018-2019. | |
| 650 | 4 | _aPublic health. | |
| 942 |
_2ddc _cREF |
||
| 999 |
_c256392 _d256392 |
||